Paul Gauguin (Запись № 9370572)

Подробности
000 -МАРКЕР
контрольное поле 01093nam0a22003011 4500
001 - ИДЕНТИФИКАТОР ЗАПИСИ
контрольное поле RU\NLR\INFOCOMM_161\5000089330
005 - ИДЕНТИФИКАТОР ВЕРСИИ
контрольное поле 20260406091831.0
010 ## - МЕЖДУНАРОДНЫЙ СТАНДАРТНЫЙ НОМЕР КНИГИ (ISBN)
Номер (ISBN) 0-81092-153-7
035 ## - ДРУГИЕ СИСТЕМНЫЕ НОМЕРА
Идентификатор записи (NLR Aleph) 009316671
100 ## - ДАННЫЕ ОБЩЕЙ ОБРАБОТКИ
Данные общей обработки 20101201d1978 |||y0rusy50 ca
101 1# - ЯЗЫК РЕСУРСА
Язык текста, звукозаписи и т.д. английский
102 ## - СТРАНА ПУБЛИКАЦИИ ИЛИ ПРОИЗВОДСТВА
Страна публикации соединенные штаты америки
-- российская федерация
105 ## - ПОЛЕ КОДИРОВАННЫХ ДАННЫХ: ТЕКСТОВЫЕ МАТЕРИАЛЫ, МОНОГРАФИЧЕСКИЕ
Кодированные данные о монографическом текстовом документе a ||||000|y
200 1# - ЗАГЛАВИЕ И СВЕДЕНИЯ ОБ ОТВЕТСТВЕННОСТИ
Основное заглавие Paul Gauguin
Сведения, относящиеся к заглавию [An album]
Первые сведения об ответственности Comp. a. introd. by A. Kantor-Gukovskaya
Последующие сведения об ответственности Transl. by J. McNair]
210 ## - ПУБЛИКАЦИЯ, РАСПРОСТРАНЕНИЕ И ДР.
Место издания, распространения и т.д. New York
Имя издателя, распространителя и т. д. Abrams
Место издания, распространения и т.д. L.
Имя издателя, распространителя и т. д. Aurora
Дата издания, распространения и т.д. 1978
215 ## - ФИЗИЧЕСКАЯ ХАРАКТЕРИСТИКА
Специфическое обозначение материала и объем 16 с., 25 л. цв. ил.
Другие сведения о физической характеристике цв. ил., ил.
Размеры 32 см
225 1# - СЕРИЯ
Основное заглавие серии Masters of world painting
600 #1 - ИМЯ ЛИЦА КАК ПРЕДМЕТ
Начальный элемент ввода Гоген
Часть имени, кроме начального элемента ввода П.
Даты 1848-1903
Расширение инициалов личного имени Поль
Формальный подзаголовок Альбомы
Код системы nlr_sh1
686 ## - ИНДЕКСЫ ДРУГИХ КЛАССИФИКАЦИЙ
Индекс Щ143(4Фр)5-8Гоген
Код системы
700 #1 - ИМЯ ЛИЦА - ПЕРВИЧНАЯ ОТВЕТСТВЕННОСТЬ
Код отношения Автор
Графика поля Латинская
Материалы, к которым относится поле fre
Начальный элемент ввода Gauguin
Часть имени, кроме начального элемента ввода P.
Даты 1848-1903
Расширение инициалов личного имени Paul
Идентификатор авторитетной/нормативной записи RU\NLR\AUTH\770277679
Системный номер авторитетной/нормативной записи 2649646
702 #1 - ИМЯ ЛИЦА - ВТОРИЧНАЯ ОТВЕТСТВЕННОСТЬ
Код отношения Составитель
Графика поля Латинская
Материалы, к которым относится поле rus
Начальный элемент ввода Kantor-Gukovskaja
Часть имени, кроме начального элемента ввода A. S.
Расширение инициалов личного имени Asja Solomonovna
Идентификатор авторитетной/нормативной записи RU\NLR\AUTH\770282452
Системный номер авторитетной/нормативной записи 2671586
801 #1 - ИСТОЧНИК ЗАПИСИ
Страна российская федерация
Организация NLR
Дата составления 20101201
801 #0 - ИСТОЧНИК ЗАПИСИ
Страна российская федерация
Организация NLR
Правила каталогизации PSBO
852 ## - МЕСТОНАХОЖДЕНИЕ И ШИФР ХРАНЕНИЯ
Идентификатор организации NLR
Шифр хранения (Call Number) Э АлИс590/2-Г581
942 ## - ДОПОЛНИТЕЛЬНЫЕ ЭЛЕМЕНТЫ ЗАПИСИ (АБИС)
Тип экземпляра АБИС Книга
980 ## - КОЛЛЕКЦИЯ
Название коллекции Национальная библиография
Экземпляры
Тип экземпляра Дата поступления Библиотека постоянного хранения Библиотека текущего хранения Место хранения Шифр хранения Штрих-код Статус не для выдачи
Книга 26.10.2013 РНБ (Садовая) РНБ (Садовая) Фонд эстампов и фотографий иностранный Э АлИс590/2-Г581 9316671-10